(Record no. 184577)
[ view plain ]
| 000 -CABECERA | |
|---|---|
| campo de control de longitud fija | 01221nam a2200241Ia 4500 |
| 001 - NÚMERO DE CONTROL | |
| campo de control | IA_5018,18/01/2013,18/01/2013,5232272012 mx dine8223223322spa16," |
| 008 - DATOS DE LONGITUD FIJA--INFORMACIÓN GENERAL | |
| campo de control de longitud fija | 220117sEnsenada xx 000 0 und d |
| 010 ## - NÚMERO DE CONTROL DE LA BIBLIOTECA DEL CONGRESO | |
| Número de control de LC | 184577 |
| 090 ## - LOCALMENTE ASIGNADO TIPO-LC NÚMERO DE CLASIFICACIÓN (OCLC); NÚMERO DE CLASIFICACIÓN LOCAL (RLIN) | |
| Número de clasificación (OCLC) (R) ; Numero de clasificación, CALL (RLIN) (NR) | T.C.580 P47 EIUPA 2012 |
| 100 ## - ENTRADA PRINCIPAL--NOMBRE DE PERSONA | |
| Nombre de persona | Pérez Román |
| 9 (RLIN) | 157340 |
| 260 ## - PUBLICACIÓN, DISTRIBUCIÓN, ETC. | |
| Lugar de publicación, distribución, etc. | México : |
| Nombre del editor, distribuidor, etc. | El autor, |
| Fecha de publicación, distribución, etc. | Ensenada |
| 300 ## - DESCRIPCIÓN FÍSICA | |
| Extensión | 37 h. |
| 502 ## - NOTA DE TESIS | |
| Nota de tesis | Viaje de estudios (EIUPA) -- UACh. Departamento de Ingeniería Agroindustrial |
| 505 ## - NOTA DE CONTENIDO CON FORMATO | |
| Nota de contenido con formato | 4 planos \ 1. Plano distribución de áreas (Esc. 1:4) \ 2. Plano de distribución de equipo (Esc. 1:3) \ 3. Diagrama de tubería e instrumentación de equipo de mezclado \ 4. Diagrama de flujo de proceso |
| 650 ## - PUNTO DE ACCESO ADICIONAL DE MATERIA--TÉRMINO DE MATERIA | |
| Término de materia o nombre geográfico como elemento de entrada | Food industry |
| Subdivisión general | Mexico |
| -- | Baja California Norte |
| 9 (RLIN) | 157341 |
| 650 ## - PUNTO DE ACCESO ADICIONAL DE MATERIA--TÉRMINO DE MATERIA | |
| Término de materia o nombre geográfico como elemento de entrada | Industria de los alimentos |
| Subdivisión general | México |
| -- | Baja California Norte |
| 9 (RLIN) | 157342 |
| 650 ## - PUNTO DE ACCESO ADICIONAL DE MATERIA--TÉRMINO DE MATERIA | |
| Término de materia o nombre geográfico como elemento de entrada | Tomates |
| 9 (RLIN) | 148443 |
| 650 ## - PUNTO DE ACCESO ADICIONAL DE MATERIA--TÉRMINO DE MATERIA | |
| Término de materia o nombre geográfico como elemento de entrada | Tomatoes |
| 9 (RLIN) | 148444 |
| 904 ## - ELEMENTOS DE DATOS D LOCAL, LDD (RLIN) | |
| a | Ensenada |
| 942 ## - ELEMENTOS DE PUNTO DE ACCESO ADICIONAL (KOHA) | |
| Tipo de ítem Koha | |
No items available.
